[Event "?"]
[Site "Chess.com iPhone"]
[Date "2025.02.12"]
[Round "?"]
[White "Jonny-Silver2023"]
[Black "Artem_Guk"]
[Result "0-1"]
[GameId "6TZ3HCNI"]
[WhiteElo "381"]
[BlackElo "1016"]
[Variant "Standard"]
[TimeControl "-"]
[Termination "Normal"]
[Annotator "live.chess-online.com"]

1. d4 { [%eval 0.25] } 1... d5 { [%eval 0.48] } 2. c4 { [%eval 0.25] } 2... Bf5?! { (0.25 → 1.18) Inaccuracy. e6 was best. } { [%eval 1.18] } (2... e6 3. cxd5 exd5 4. Nc3 Nf6 5. Bg5 Be7 6. e3 O-O 7. Bd3) 3. Qb3 { [%eval 0.71] } { D06 Queen's Gambit Declined: Baltic Defense, Queen Attack } 3... e6 { [%eval 0.7] } 4. Qxb7 { [%eval 0.69] } 4... Nd7 { [%eval 0.81] } 5. Nc3 { [%eval 0.5] } 5... Rb8 { [%eval 0.62] } 6. Qxa7 { [%eval 0.66] } 6... Ra8 { [%eval 1.06] } 7. Qb7 { [%eval 0.89] } 7... Rb8 { [%eval 0.91] } 8. Qc6?! { (0.91 → 0.00) Inaccuracy. Qa6 was best. } { [%eval 0.0] } (8. Qa6 Bb4 9. cxd5 exd5 10. e3 Ngf6 11. Ne2 O-O 12. Ng3 Bg6 13. Be2 c5 14. Qa4 h5) 8... Bb4 { [%eval 0.5] } 9. Bf4? { (0.50 → -1.02) Mistake. c5 was best. } { [%eval -1.02] } (9. c5) 9... e5 { [%eval -1.16] } 10. Bxe5 { [%eval -0.74] } 10... Ne7 { [%eval -0.46] } 11. Qxc7? { (-0.46 → -1.72) Mistake. Qa4 was best. } { [%eval -1.72] } (11. Qa4 O-O) 11... Nxe5 { [%eval -1.5] } 12. Qxe5?? { (-1.50 → -4.86) Blunder. Qxd8+ was best. } { [%eval -4.86] } (12. Qxd8+ Rxd8 13. c5 Nc4 14. e3 Nxb2 15. Bb5+ Bd7 16. Bxd7+ Kxd7 17. Ne2 Nd3+ 18. Kf1 Rb8) 12... Ba5 { [%eval -4.83] } 13. b4?! { (-4.83 → -7.64) Inaccuracy. g3 was best. } { [%eval -7.64] } (13. g3 Rxb2) 13... Bxb4 { [%eval -7.91] } 14. Qe3 { [%eval -7.68] } 14... dxc4 { [%eval -7.75] } 15. g4 { [%eval -9.1] } 15... Bd3 { [%eval -8.76] } 16. exd3 { [%eval -13.33] } 16... Bxc3+ { [%eval -12.94] } 17. Kd1 { [%eval -13.28] } 17... Bxa1 { [%eval -12.07] } 18. dxc4 { [%eval -13.5] } 18... Qa5 { [%eval -8.7] } 19. Nf3 { [%eval -12.09] } 19... Qa4+ { [%eval -12.0] } 20. Kd2?! { (-12.00 → Mate in 9) Checkmate is now unavoidable. Kc1 was best. } { [%eval #-9] } (20. Kc1 Rb2) 20... Rb2+ { [%eval #-8] } 21. Kd3 { [%eval #-1] } 21... Qc2# { Black wins by checkmate. } 0-1